书目信息 |
| 题名: |
分合并举
|
|
| 作者: | 彭勇文 著 | |
| 分册: | ||
| 出版信息: | 上海 上海教育出版社有限公司 2020.9 |
|
| 页数: | 197页 | |
| 开本: | 26cm | |
| 丛书名: | ||
| 单 册: | ||
| 中图分类: | G633.950.2 | |
| 科图分类: | ||
| 主题词: | 艺术教育--教学研究--中小学 | |
| 电子资源: | ||
| ISBN: | 978-7-5720-0330-1 | |
| 000 | 01844nam0 2200289 45 | |
| 001 | 012001002333 | |
| 005 | 20140823101137.0 | |
| 010 | @a978-7-5720-0330-1@dCNY55.00 | |
| 100 | @a20201218d2020 em y0chiy0110 ea | |
| 101 | 0 | @achi |
| 102 | @aCN@b310000 | |
| 105 | @aa z 000yy | |
| 106 | @ar | |
| 200 | 1 | @a分合并举@Afen he bing ju@e国际视野下的中小学艺术教育@dSeparated and connected@earts education in primary and secondary schools from an international perspective@f彭勇文著@zeng |
| 210 | @a上海@c上海教育出版社有限公司@d2020.9 | |
| 215 | @a197页@c图@d26cm | |
| 300 | @a国际艺术教育大系·美育研究 V 国家社科基金艺术学重大项目“艺术人才培养模式研究”子课题“师资型艺术人才培养模式研究”阶段性研究 | |
| 300 | @a并列题名:Separated and connected | |
| 300 | @a其他题名:国际视野下的中小学艺术教育 | |
| 330 | @a本书第一章是总论、是“合”,讨论的两个核心问题适合于各类艺术教育,即:艺术何为,艺术教育何为,明白了这两个问题,他们就有可能为自己现在所学习的、未来将要从事的艺术教育获得源源不断的动力。第二章至第五章是“分”,分别介绍音乐、美术、舞蹈、戏剧这四大类艺术教育的理论和实践。第六章又是“合”,目的是让读者们了解艺术教育综合性或联系性的标准,把艺术教育放在一个更大的背景下,从五个方面来对艺术和艺术教育的相关问题进行综合性探讨:艺术学科之间,以及艺术与其他学科之间(如语言、数学、社会科学、自然科学等)如何交叉贯通、相互融合;艺术的风格和潮流是如何形成的;艺术如何借助各种技术和发明来促进自身的发展;艺术家在社会中的角色是什么;还结合中国和美国麻州的实践案例,探讨四种艺术课程之间的交叉融合。 | |
| 510 | 1 | @aSeparated and connected@earts education in primary and secondary schools from an international perspective@zeng |
| 517 | 1 | @a国际视野下的中小学艺术教育 |
| 606 | 0 | @a艺术教育@x教学研究@x中小学 |
| 690 | @aG633.950.2@v5 | |
| 701 | 0 | @a彭勇文@Apeng yong wen@4著 |
| 801 | @aCN@bAHXH@c20210922 | |
| 905 | @b1254053-7@dG633.950.2@e245@f5 | |
| 分合并举:国际视野下的中小学艺术教育=Separated and connected:arts education in primary and secondary schools from an international perspective/彭勇文著.-上海:上海教育出版社有限公司,2020.9 |
| 197页:图;26cm |
| 国际艺术教育大系·美育研究 V 国家社科基金艺术学重大项目“艺术人才培养模式研究”子课题“师资型艺术人才培养模式研究”阶段性研究.-并列题名:Separated and connected.-其他题名:国际视野下的中小学艺术教育 |
| ISBN 978-7-5720-0330-1:CNY55.00 |
| 本书第一章是总论、是“合”,讨论的两个核心问题适合于各类艺术教育,即:艺术何为,艺术教育何为,明白了这两个问题,他们就有可能为自己现在所学习的、未来将要从事的艺术教育获得源源不断的动力。第二章至第五章是“分”,分别介绍音乐、美术、舞蹈、戏剧这四大类艺术教育的理论和实践。第六章又是“合”,目的是让读者们了解艺术教育综合性或联系性的标准,把艺术教育放在一个更大的背景下,从五个方面来对艺术和艺术教育的相关问题进行综合性探讨:艺术学科之间,以及艺术与其他学科之间(如语言、数学、社会科学、自然科学等)如何交叉贯通、相互融合;艺术的风格和潮流是如何形成的;艺术如何借助各种技术和发明来促进自身的发展;艺术家在社会中的角色是什么;还结合中国和美国麻州的实践案例,探讨四种艺术课程之间的交叉融合。 |
| ● |
| 相关链接 |
|
|
|
|
正题名:分合并举
索取号:G633.950.2/245
 
预约/预借
| 序号 | 登录号 | 条形码 | 馆藏地/架位号 | 状态 | 备注 |
| 1 | 1254053 | 212540534 | 第一样本阅览室/ [索取号:G633.950.2/245] | 在馆 | |
| 2 | 1254054 | 212540543 | 教育系资料室/ [索取号:G633.950.2/245] | 在馆 | |
| 3 | 1254055 | 212540552 | 教育系资料室/ [索取号:G633.950.2/245] | 在馆 | |
| 4 | 1254056 | 212540561 | 第四借阅区/ [索取号:G633.950.2/245] | 在馆 | |
| 5 | 1254057 | 212540570 | 第四借阅区/ [索取号:G633.950.2/245] | 在馆 |